00374nam a2200133Ia 450000500170000000800410001702000300005808200190008810000220010724500430012925000120017226000310018465000250021520260408091332.0251127s9999 xx 000 0 und d a007561278X (hardcover) |  a658.56 bCHA-P aChase, Richard B. 0aProduction and Operations Management : a8th ed. a[S.l.] :bRichard D Irwin, aManagement Sciences